000 01385nam0a2200313 4500
001 RU\NLR\bibl\1072336
005 20260405080026.0
010 _a5-94396-021-X
_91000
021 _aRU
_b2007-13615
_9728
035 _a(NLR Aleph) 001059561
090 _a929883
_c929883
100 _a20070412d2006 |||y0rusy50 ca
101 0 _arus
102 _aRU
105 _aa |||||||||
200 1 _aКурандерос - целители Южной Америки, или В гостях у Аяваски
_fПавел Берснев
210 _aСанкт-Петербург
_cАкадемия исследований культуры
_d2006
215 _a280,[1] с.,[8] л. цв. ил.
_d17
225 1 _aНовая культура? Разведка боем
517 0 _aВ гостях у Аяваски
606 1 _aМагия
_xЭтнографические исследования
_yЛатинская Америка
_91567445
_3RU\NLR\auth\66986235
606 1 _aИндейцы
_xЭтнографические исследования
_yЛатинская Америка
_91565259
_3RU\NLR\auth\66985170
686 _aТ52(77)-771
700 1 _4070
_8rus
_7ca
_aБерснев
_bП.В.
_f1971 -
_gПавел Валерьевич
_3RU\NLR\auth\7727369
_910403
801 0 _aRU
_bNLR
_c20070412
_gRCR
801 1 _aRU
_bNLR
_c20070412
942 _cBOOK
980 _aNB